| 000 | 00462nam a2200169 4500 | ||
|---|---|---|---|
| 001 | 123817 | ||
| 003 | ES-MaACL | ||
| 005 | 20230906192242.0 | ||
| 007 | t| | ||
| 008 | 070214s1973 ag r ||||1| spa d | ||
| 100 | 1 |
_aQuiroga, Horacio. _994770 |
|
| 245 | 1 | 0 |
_aCuentos de amor de locura y de muerte / _cHoracio Quiroga. |
| 250 | _a9ยช. ed. | ||
| 260 |
_aBuenos Aires : _bLosada, _c1973. |
||
| 300 |
_a156 p. ; _c18 cm. |
||
| 852 |
_aES-MaACL _jC-56676 _bR.89431 |
||
| 999 |
_c123817 _d123817 |
||